Чом, чом, земле моя: роздуми про землекористування (Запис № 574424)

МАРК-запис
000 -Лідер
fixed length control field 00912 a2200229 4500
003 - Ідентифікатор контрольного номера
control field UA-OsUOA
005 - Дата та час останнього входження (трансакції)
control field 20230615160849.0
008 - Елементи даних фіксованої довжини – загальна інформація
fixed length control field 230615b un ||||| |||| 00| 0 ukr d
020 ## - Міжнародний стандартний книжковий номер (ISBN)
Міжнародний стандартний книжковий номер (ISBN) (НП) 9789665404811
040 ## - Джерело каталогізації
Агенція оригінальної каталогізації UA-OsUOA
Мова каталогізації ukr
Агенція, яка здійснювала перезапис UA-OsUOA
Агенція, яка здійснювала модифікацію UA-OsUOA
041 ## - Код мови
Код мови тексту/ звукової доріжки чи окремого заголовка (П) ukr
080 ## - Індекс Універсальної десяткової класифікації
Індекс Універсальної десяткової класифікації (УДК) (НП) 332.5:001.8
090 ## - Локальний шифр розміщення
Класифікаційний індекс УДК 332.5:001.8
Авторський знак (НП) Н74
100 ## - Основне введення – ім’я особи
Ім’я особи (НП) Новаковський Л. Я.
245 ## - Відомості про назву
Назва (НП) Чом, чом, земле моя: роздуми про землекористування
Дані про відповідальність (НП) Л. Я. Новаковський
260 ## - Публікація, розповсюдження і т.п. (Вихідні дані)
Місце публікації, розповсюдження і т.п. (П) К.
Ім’я/ наймення видавництва, розповсюджувача і т.п. (П) Аграрна наука
Дата публікації, розповсюдження і т.п. (П) 2020
300 ## - Фізичний опис
Обсяг 516 с.
650 ## - Додаткове предметне введення – тематичний термін
Джерело заголовка чи терміна UDC
Тематичний термін чи географічна назва, як елемент введення (НП) 332.5 Потреби у землі. Довгострокове планування використання землі
942 ## - Додаткові елементи входу (Коха)
Тип елемента Koha Книги
Source of classification or shelving scheme Universal Decimal Classification
955 ## - Код типу видання за змістом
Код типу видання за змістом (НП) Наукові видання
Фонди
Стан вилучень Стан втрат Джерело класифікації або схеми стелажів Стан уражень Не для кредиту Код колекції Постійне місце розташування Поточне розміщення Дата придбання Джерело придбання Вартість, звичайна ціна покупки Усього замовленно Повний номер виклику Штрих-код Дата останнього перегляду Вартість, ціна заміни Ціна ефективна від Тип елемента Koha
    Universal Decimal Classification     Колекція Пасічника І.Д. ЧЗ - Читальна зала ЧЗ - Читальна зала 15/06/2023 №21/13.06.2023 150.00   332.5:001.8 Н74 165882 15/06/2023 150.00 15/06/2023 Книги